000 00792nam a2200253 a 4500
005 20200104041518.0
008 140225b1997 ec ||||gr|||| 00| 0 spa d
040 _aCO-BoIAVH
_cCO-BoIAVH
041 _aspa
044 _aec
082 4 _a363.70561
_bB73m
090 _aLB
_b01094
100 1 _aBorrini Feyerabend, Grazia
_910782
245 1 _aManejo participativo de áreas protegidas
_badaptado el método al contexto
260 _aQuito
_bUICN
_c1997
300 _a66 paginas.
_c29 x 21 cm
650 4 _aParticipación comunitaria
_950962
650 4 _aAreas protegidas
_978
650 4 _aApoyo institucional
_97678
650 _aComunidades locales
_93678
650 4 _aOrganizaciones gubernamentales
_96772
650 4 _aOrganizaciones no gubernamentales
_96716
942 _cLIBRO
_2ddc
999 _c1105
_d1105